Т. 85, вып. 5; Прикладная математика и механика

書目詳細資料
Parent link:Прикладная математика и механика: научный журнал/ Российская академия наук (РАН). Т. 85, вып. 5.— , 1937-1988, 1990-
語言:俄语
出版: 2021
在線閱讀:https://sciencejournals.ru/view-issue/?j=prmatm&y=2021&v=85&n=5
格式: 電子 圖書
KOHA link:https://koha.lib.tpu.ru/cgi-bin/koha/opac-detail.pl?biblionumber=589380

MARC

LEADER 00000nam2a2200000 4500
001 589380
005 20231101131545.0
035 |a (RuTPU)RU\TPU\prd\292096 
035 |a RU\TPU\prd\292095 
090 |a 589380 
100 |a 20230115a19369999k y0rusy50 ca 
101 0 |a rus 
102 |a RU 
181 0 |a i  
182 0 |a b 
200 0 |a Т. 85, вып. 5  |b Электронный ресурс 
203 |a Текст  |c электронный 
210 |d 2021 
461 1 |0 (RuTPU)RU\TPU\prd\1688  |t Прикладная математика и механика  |o научный журнал  |f Российская академия наук (РАН)  |v Т. 85, вып. 5  |d 1937-1988, 1990- 
801 0 |a RU  |b 63413507  |c 20010227  |g PSBO 
801 1 |a RU  |b 63413507  |c 20170403 
801 2 |a RU  |b 63413507  |c 20230115  |g RCR 
856 4 0 |u https://sciencejournals.ru/view-issue/?j=prmatm&y=2021&v=85&n=5 
942 |c BK